The Declaration of Independence ; (Record no. 4460)
[ view plain ]
| 000 -LEADER | |
|---|---|
| fixed length control field | 00777nam a2200265I 4500 |
| 001 - CONTROL NUMBER | |
| control field | 4460 |
| 003 - CONTROL NUMBER IDENTIFIER | |
| rucl marc code | BD-RjUL |
| 005 - DATE AND TIME OF LATEST TRANSACTION | |
| control field | 20211208233909.0 |
| 008 - FIXED-LENGTH DATA ELEMENTS--GENERAL INFORMATION | |
| fixed length control field | 131222t19511942nyu 001 0 eng d |
| 035 ## - SYSTEM CONTROL NUMBER | |
| System control number | MITb10499540 |
| System control number | (OCoLC)11411008 |
| -- | (BD-RjUL)4495 |
| System control number | GLIS00499540 |
| 040 ## - CATALOGING SOURCE | |
| Original cataloging agency | CSF |
| Transcribing agency | CSF |
| Modifying agency | MCB |
| -- | RCD |
| -- | BD-RjUL |
| Language of cataloging | eng |
| 041 ## - LANGUAGE CODE | |
| Language code of text/sound track or separate title | eng |
| 082 ## - DEWEY DECIMAL CLASSIFICATION NUMBER | |
| Edition number | 342.73 |
| Author mark and year | BED |
| 090 ## - LOCALLY ASSIGNED LC-TYPE CALL NUMBER (OCLC); LOCAL CALL NUMBER (OCLC) | |
| Classification number (OCLC) (R) ; Classification number, CALL (RLIN) (NR) | JK128 |
| Local cutter number (OCLC) ; Book number/undivided call number, CALL (RLIN) | .B395 1953 |
| 099 ## - LOCAL FREE-TEXT CALL NUMBER (OCLC) | |
| Bangla Class number | JK128.B395 1953 |
| 100 1# - MAIN ENTRY--PERSONAL NAME | |
| Personal name | Becker, Carl L. |
| Fuller form of name | (Carl Lotus), |
| Dates associated with a name | 1873-1945. |
| 9 (RLIN) | 2764 |
| 245 14 - TITLE STATEMENT | |
| Title | The Declaration of Independence ; |
| Remainder of title | a study in the history of political ideas / |
| Statement of responsibility, etc. | by Carl Becker. |
| 260 ## - PUBLICATION, DISTRIBUTION, ETC. (IMPRINT) | |
| Place of publication, distribution, etc. | New York : |
| Name of publisher, distributor, etc. | Knopf, |
| Date of publication, distribution, etc. | c1942. |
| 300 ## - PHYSICAL DESCRIPTION | |
| Pagination | xvii, 286 p. ; |
| Size | 21 cm. |
| 504 ## - BIBLIOGRAPHY, ETC. NOTE | |
| Bibliography, etc | Includes index. |
| 942 ## - ADDED ENTRY ELEMENTS (KOHA) | |
| Source of classification or shelving scheme | Dewey Decimal Classification |
| Koha item type | Books |
| 949 ## - LOCAL PROCESSING INFORMATION (OCLC) | |
| a | MYGD |
| Lost status | Source of classification or shelving scheme | Damaged status | Not for loan | Collection code | Permanent Location | Current Location | Shelving location | Date acquired | Source of acquisition | Cost, normal purchase price | Total Checkouts | Full call number | Date last seen | Copy number | Koha item type |
|---|---|---|---|---|---|---|---|---|---|---|---|---|---|---|---|
| Dewey Decimal Classification | Not For Loan | Non-fiction | Central Library, University of Rajshahi | Central Library, University of Rajshahi | Reading Room | 28/02/1958 | U. S. I. S. | 0.00 | 342.73 BED 1951 | 22/12/2013 | C-1 | Books |